La pratica dei lumi
Сохранить в:
| Главный автор: | |
|---|---|
| Формат: | |
| Язык: | итальянский |
| Опубликовано: |
Florencia
Leo S. Olschki
2000
|
| Серии: | Studi e Testi, 11
|
| Предметы: | |
| Метки: |
Добавить метку
Нет меток, Требуется 1-ая метка записи!
|
MARC
| LEADER | 00000nam a2200000 a 4500 | ||
|---|---|---|---|
| 001 | UCN9583 | ||
| 003 | CL-VaPUC | ||
| 005 | 20210929074503.0 | ||
| 008 | 011207e20000000it 1 ita d | ||
| 082 | 0 | 4 | |a 345 |b BEC |2 21 |
| 100 | 1 | |a Beccaria, Cesare |e author |9 548160 | |
| 245 | 1 | 3 | |a La pratica dei lumi |
| 260 | |a Florencia |b Leo S. Olschki |c 2000 | ||
| 300 | |a 179 p | ||
| 490 | 0 | |a Studi e Testi, 11 | |
| 583 | |a last modification |c 20011207 00:00:00 |k Rodrigo Vera | ||
| 650 | 0 | 7 | |a DERECHO PENAL |2 CL-VaPUC |9 11 |
| 650 | 0 | 0 | |a Delitos |9 224143 |
| 650 | 0 | 0 | |a Teoría del delito |9 258906 |
| 650 | 0 | 0 | |a Criminología |9 256168 |
| 650 | 0 | 0 | |a Filosofía del derecho |9 255050 |
| 942 | |c BK | ||
| 945 | |a crobeson |d 20011207 00:00:00 | ||
| 546 | |a En Italiano | ||
| 536 | |a Fondazione Luigi Firpo, Centro di Studi sul Pensiero Politico | ||
| 518 | |p Giornata Luigi Firpo, 4, Florencia, 4 de marzo de 1997 | ||
| 999 | |c 383733 |d 383731 | ||
| 952 | |0 0 |1 0 |4 0 |6 345_000000000000000_BEC_2000 |7 0 |8 DER_HIS |9 505973 |a BIBDER |b BIBDER |d 2020-01-23 |i 3741915 |l 1 |o 345 BEC 2000 |p 3741915 |r 2023-01-25 |s 2020-03-18 |w 2020-01-23 |x Ubicación 4to Piso |y BK |z Estos recursos deben solicitarse con anticipación |k DER | ||